000
00306 a2200109 4500
001
ART_12041
005
20260410161902.0
008
260409a
245
1
0
_a
Testing income series
100
1
_a
Haddad, C. L.
773
0
_t
Journal of econometrics
_g
- Vol. 4, NÂș 1 (feb. 1976)
_w
REV11720
999
_c
26051
_d
26051